000 00727nam a2200229Ia 4500
003 OSt
005 20220923224459.0
006 a|||||r|||| 00| 0
007 ta
008 Pun
024 _a235,699
037 _cTextual
040 _aARTS
_cARTS
_bPun
041 _2Pun
_aPun
082 _aY73(Q8441).247.N, 153P5
100 _aਸੇਵਾ ਸਿੰਘ
245 0 _aਕFਮੀਰੀ ਸਿੱਖਾਂ ਦਾ (ਸਮਾਜਕ ਤੇ ਰਾਜਸੀ) ਇਤਿਹਾਸ
260 _aਸ੍ਰੀਨਗਰ
_b ਲੱਲ ਦੈ੍ਵ਼ਦ ਕਾਲੋਨੀ
_c2005
300 _a348ਪੰ
_ccm.
942 _hY73(Q8441).247.N, 153P5
_cTEXL
_2CC
999 _c371734
_d371734